[Event "Muensterland Regionalliga Gr1 2223"]
[Site "Germany"]
[Date "2022.09.24"]
[Round "2.4"]
[White "Schoepper, Oliver"]
[Black "Zachej, Arne"]
[Result "0-1"]
[WhiteElo "1778"]
[BlackElo "1849"]
[PlyCount "62"]
[EventDate "2022.09.03"]
[EventType "team-tourn"]
[EventRounds "7"]
[EventCountry "GER"]
[SourceTitle "EXT 2024"]
[Source "ChessBase"]
[SourceDate "2023.10.10"]
[SourceVersion "1"]
[SourceVersionDate "2023.10.10"]
[SourceQuality "1"]
[WhiteTeam "Muenster SK IV"]
[BlackTeam "Metelen"]
[WhiteTeamCountry "GER"]
[BlackTeamCountry "GER"]

1. d4 Nf6 2. c4 e6 3. g3 d5 4. Bg2 c6 5. Nf3 Nbd7 6. 0-0 Be7 7. Qc2 0-0 8. b3 Ne4 9. Bb2 f5 10. Ne5 Nxe5 11. dxe5 Bd7 12. e3 Qb6 13. Bd4 c5 14. Bb2 dxc4 15. bxc4 Bc6 16. f3 Ng5 17. Nd2 Rad8 18. Bc3 Rd7 19. h4 Nf7 20. e4 Nh6 21. Bh3 g5 22. hxg5 Bxg5 23. f4 Bd8 24. exf5 Nxf5 25. Kf2 Rg7 26. Rg1 Kh8 27. Bxf5 Rxf5 28. Ne4 Be7 29. Qe2 Qa6 30. Bd2 Qa3 31. Be3 Bxe4 0-1

[Event "Muensterland Regionalliga 1920"]
[Site "Germany"]
[Date "2020.02.01"]
[Round "6.6"]
[White "Rothkegel, Juergen"]
[Black "Schoepper, Oliver"]
[Result "1/2-1/2"]
[WhiteElo "1864"]
[BlackElo "1811"]
[PlyCount "59"]
[EventDate "2019.09.07"]
[EventType "team-tourn"]
[EventRounds "7"]
[EventCountry "GER"]
[SourceTitle "EXT 2023"]
[Source "ChessBase"]
[SourceDate "2022.10.05"]
[SourceVersion "1"]
[SourceVersionDate "2022.10.05"]
[SourceQuality "1"]
[WhiteTeam "Gronau"]
[BlackTeam "Muenster SK IV"]
[WhiteTeamCountry "GER"]
[BlackTeamCountry "GER"]

1. e4 Nf6 2. e5 Nd5 3. d4 d6 4. Nf3 g6 5. c4 Nb6 6. exd6 cxd6 7. Be2 Bg7 8. 0-0 0-0 9. b3 Nc6 10. Bb2 Bf5 11. Nc3 Rc8 12. Qd2 e5 13. d5 Nb4 14. Rac1 Na6 15. Nb5 Nc5 16. Rfd1 a6 17. Nc3 h5 18. b4 Ncd7 19. c5 dxc5 20. bxc5 Nxc5 21. Ba3 Re8 22. Qe3 Ncd7 23. Ne4 Rxc1 24. Bxc1 Bxe4 25. Qxe4 Nf6 26. Qb4 Nfxd5 27. Qb3 e4 28. Ng5 Re5 29. h4 Qe7 30. Ba3 1/2-1/2

[Event "Muensterland Verbandsliga 1718"]
[Site "Germany"]
[Date "2017.09.09"]
[Round "1.2"]
[White "Boesel, Alexander"]
[Black "Schoepper, Oliver"]
[Result "1-0"]
[WhiteElo "2000"]
[BlackElo "1816"]
[PlyCount "39"]
[EventDate "2017.09.09"]
[EventType "team-tourn"]
[EventRounds "9"]
[EventCountry "GER"]
[SourceTitle "EXT 2019"]
[Source "ChessBase"]
[SourceDate "2018.10.10"]
[SourceVersion "1"]
[SourceVersionDate "2018.10.10"]
[SourceQuality "1"]
[WhiteTeam "Olfen"]
[BlackTeam "Muenster SK IV"]
[WhiteTeamCountry "GER"]
[BlackTeamCountry "GER"]

1. e4 Nf6 2. e5 Nd5 3. Bc4 e6 4. Nf3 d6 5. 0-0 dxe5 6. Nxe5 Nb6 7. Bb3 Bd6 8. Re1 c5 9. c3 Qc7 10. d4 Nc6 11. Qg4 Nxe5 12. dxe5 Bxe5 13. Qh5 Bf6 14. Bxe6 0-0 15. Bb3 Bd7 16. Nd2 g6 17. Qf3 Rae8 18. Rxe8 Rxe8 19. Qxf6 Re1+ 20. Nf1 1-0

[Event "Muensterland Verbandsliga 1516"]
[Site "Germany"]
[Date "2016.03.05"]
[Round "7.6"]
[White "Fehlings, Gerd"]
[Black "Schoepper, Oliver"]
[Result "1/2-1/2"]
[WhiteElo "1735"]
[BlackElo "1794"]
[PlyCount "80"]
[EventDate "2015.09.12"]
[EventType "team"]
[EventRounds "9"]
[EventCountry "GER"]
[SourceTitle "EXT 2017"]
[Source "ChessBase"]
[SourceDate "2016.10.25"]
[SourceVersion "1"]
[SourceVersionDate "2016.10.25"]
[SourceQuality "1"]
[WhiteTeam "Emsdetten Rochade II"]
[BlackTeam "Muenster SK IV"]
[WhiteTeamCountry "GER"]
[BlackTeamCountry "GER"]

1. d4 d5 2. Nf3 Nf6 3. c4 c6 4. g3 Bf5 5. Qb3 Qb6 6. Bg2 dxc4 7. Qxc4 e6 8. 0-0 Nbd7 9. Nc3 Qb4 10. Qxb4 Bxb4 11. a3 Be7 12. Re1 0-0 13. e4 Bg4 14. h3 Bxf3 15. Bxf3 Rad8 16. Bf4 Rfe8 17. Rad1 Nb6 18. Bc7 Rd7 19. Bxb6 axb6 20. d5 e5 21. Bg2 Red8 22. Re2 Bc5 23. Red2 b5 24. b4 Bd4 25. Ne2 Bb6 26. Kf1 Bc7 27. Ke1 Kf8 28. Nc1 cxd5 29. exd5 e4 30. Re2 Rxd5 31. Rxd5 Rxd5 32. Bxe4 Nxe4 33. Rxe4 Be5 34. Re3 f6 35. Rd3 Rxd3 36. Nxd3 Bc3+ 37. Ke2 Ke7 38. Kf3 b6 39. Ke4 Kd6 40. g4 g6 1/2-1/2

[Event "Muensterland Verbandsliga 1516"]
[Site "Germany"]
[Date "2015.12.12"]
[Round "4.6"]
[White "Schoepper, Oliver"]
[Black "Preuss, Richard"]
[Result "1-0"]
[WhiteElo "1794"]
[BlackElo "1759"]
[PlyCount "73"]
[EventDate "2015.09.12"]
[EventType "team"]
[EventRounds "9"]
[EventCountry "GER"]
[SourceTitle "EXT 2017"]
[Source "ChessBase"]
[SourceDate "2016.10.25"]
[SourceVersion "1"]
[SourceVersionDate "2016.10.25"]
[SourceQuality "1"]
[WhiteTeam "Muenster SK IV"]
[BlackTeam "Olfen"]
[WhiteTeamCountry "GER"]
[BlackTeamCountry "GER"]

1. d4 d5 2. c4 e6 3. g3 Nf6 4. Bg2 c6 5. Nf3 Nbd7 6. 0-0 Be7 7. Qc2 0-0 8. b3 Re8 9. Bb2 Qc7 10. Nc3 dxc4 11. bxc4 e5 12. dxe5 Nxe5 13. Nxe5 Qxe5 14. Nd5 Qd6 15. c5 Qd8 16. Nxe7+ Qxe7 17. Rfe1 Be6 18. e4 Rad8 19. Be5 Bd7 20. Bc7 Ra8 21. Bd6 Qd8 22. f4 Qa5 23. Rab1 b6 24. Re3 Be6 25. a4 bxc5 26. f5 Bxf5 27. Bxc5 Bxe4 28. Bxe4 Rxe4 29. Rxe4 Nxe4 30. Bd4 Qd5 31. Qb2 f6 32. Bxa7 Nd2 33. Qb7 Re8 34. Rc1 Nf3+ 35. Kf2 Qd2+ 36. Kxf3 Re3+ 37. Bxe3 1-0

[Event "Muensterland Verbandsliga 1516"]
[Site "Germany"]
[Date "2015.10.24"]
[Round "2.6"]
[White "Schoepper, Oliver"]
[Black "Rickert, Berthold"]
[Result "1/2-1/2"]
[WhiteElo "1794"]
[BlackElo "1803"]
[PlyCount "41"]
[EventDate "2015.09.12"]
[EventType "team"]
[EventRounds "9"]
[EventCountry "GER"]
[SourceTitle "EXT 2017"]
[Source "ChessBase"]
[SourceDate "2016.10.25"]
[SourceVersion "1"]
[SourceVersionDate "2016.10.25"]
[SourceQuality "1"]
[WhiteTeam "Muenster SK IV"]
[BlackTeam "Borken"]
[WhiteTeamCountry "GER"]
[BlackTeamCountry "GER"]

1. d4 g6 2. Nf3 Bg7 3. g3 Nf6 4. c4 d6 5. Bg2 Nbd7 6. Nc3 0-0 7. 0-0 e5 8. dxe5 dxe5 9. Qc2 Qe7 10. Bg5 c6 11. Rad1 h6 12. Bc1 Nb6 13. b3 Bg4 14. Nh4 Rad8 15. h3 Be6 16. Be3 Rxd1 17. Rxd1 Rd8 18. Rxd8+ Qxd8 19. Qc1 Kh7 20. Kh2 Qd7 21. Qd2 1/2-1/2

[Event "Muensterland Regionalliga 1314"]
[Site "Germany"]
[Date "2014.01.18"]
[Round "5.7"]
[White "Janz, Stefan"]
[Black "Schoepper, Oliver"]
[Result "0-1"]
[WhiteElo "1887"]
[BlackElo "1801"]
[PlyCount "80"]
[EventDate "2013.09.07"]
[EventType "team-tourn"]
[EventRounds "9"]
[EventCountry "GER"]
[SourceTitle "EXT 2015"]
[Source "ChessBase"]
[SourceDate "2014.11.20"]
[SourceVersion "1"]
[SourceVersionDate "2014.11.20"]
[SourceQuality "1"]
[WhiteTeam "Sendenhorst"]
[BlackTeam "Muenster SK III"]
[WhiteTeamCountry "GER"]
[BlackTeamCountry "GER"]

1. d4 d5 2. Nf3 Nf6 3. e3 e6 4. c4 c6 5. Nc3 Nbd7 6. Bd3 dxc4 7. Bxc4 b5 8. Bd3 a6 9. 0-0 c5 10. dxc5 Nxc5 11. Be2 Bd6 12. a3 0-0 13. b4 Nce4 14. Bb2 Bb7 15. Rc1 Qe7 16. Bd3 Rfd8 17. Qe2 Rac8 18. Rfd1 h6 19. Nxe4 Nxe4 20. Rxc8 Rxc8 21. Bxe4 Bxe4 22. Qd2 Rd8 23. Qc3 Be5 24. Rxd8+ Qxd8 25. Nd4 Qg5 26. g3 Qg4 27. f3 Bxf3 28. Qc8+ Kh7 29. Nxf3 Bxb2 30. Qc2+ Qf5 31. Qxb2 Qxf3 32. Qc3 Qd1+ 33. Kf2 Qd5 34. Kg1 e5 35. Qc8 Qd1+ 36. Kg2 Qe2+ 37. Kh3 Qf1+ 38. Kg4 g6 39. Qd7 Kg7 40. e4 Qe2+ 0-1

[Event "Muensterland Verbandsklasse-A 1213"]
[Site "Germany"]
[Date "2013.04.20"]
[Round "8.4"]
[White "Schoepper, Oliver"]
[Black "Steffens, Gerd"]
[Result "1/2-1/2"]
[WhiteElo "1787"]
[BlackElo "1825"]
[PlyCount "108"]
[EventDate "2012.09.15"]
[EventType "team-tourn"]
[EventRounds "9"]
[EventCountry "GER"]
[SourceTitle "EXT 2015"]
[Source "ChessBase"]
[SourceDate "2014.11.20"]
[SourceVersion "1"]
[SourceVersionDate "2014.11.20"]
[SourceQuality "1"]
[WhiteTeam "Muenster SK IV"]
[BlackTeam "Olfen"]
[WhiteTeamCountry "GER"]
[BlackTeamCountry "GER"]

1. d4 e6 2. g3 f5 3. Bg2 Nf6 4. c4 Be7 5. Nf3 d6 6. Nc3 0-0 7. 0-0 Nbd7 8. b4 Nb6 9. Qb3 d5 10. c5 Nc4 11. Nd2 Nxd2 12. Bxd2 Bd7 13. b5 Qe8 14. f3 Qg6 15. Bf4 Rfc8 16. Be5 c6 17. a4 Bd8 18. Rfb1 Ba5 19. e3 Qf7 20. Ne2 Be8 21. Nf4 g5 22. Nd3 cxb5 23. axb5 Bc7 24. Bxc7 Qxc7 25. Rxa7 Rxa7 26. b6 Qb8 27. bxa7 Qxa7 28. Qxb7 Rc7 29. Qxa7 Rxa7 30. Ne5 Nd7 31. Nxd7 Bxd7 32. Rb2 Kf7 33. Kf2 h5 34. h4 g4 35. fxg4 hxg4 36. Bf1 Ke7 37. Bd3 Bc6 38. Ke2 Kd8 39. Rc2 Kc7 40. Rb2 Ra1 41. Bb1 Ra5 42. Kd2 Bb5 43. Ra2 Rxa2+ 44. Bxa2 Be8 45. Kc3 Bf7 46. Kb4 Bh5 47. Bb3 Bf7 48. Ba4 Bh5 49. Ka5 Bg6 50. c6 Be8 51. Ka6 Bf7 52. Kb5 Be8 53. Kc5 Bf7 54. Bb3 Be8 1/2-1/2

[Event "Muensterland Verbandsklasse-B 1112"]
[Site "Germany"]
[Date "2011.10.08"]
[Round "2.4"]
[White "Schoepper, Oliver"]
[Black "Van Dijk, Guido"]
[Result "1-0"]
[WhiteElo "1814"]
[BlackElo "1747"]
[PlyCount "71"]
[EventDate "2011.09.17"]
[EventType "team-tourn"]
[EventRounds "9"]
[EventCountry "GER"]
[SourceTitle "EXT 2013"]
[Source "ChessBase"]
[SourceDate "2012.11.22"]
[SourceVersion "1"]
[SourceVersionDate "2012.11.22"]
[SourceQuality "1"]
[WhiteTeam "Muenster IV"]
[BlackTeam "Rheine Klein Berlin II"]
[WhiteTeamCountry "GER"]
[BlackTeamCountry "GER"]

1. d4 d5 2. c4 c6 3. Nf3 Nf6 4. g3 e6 5. Bg2 Bb4+ 6. Nbd2 dxc4 7. Qc2 b5 8. 0-0 Bb7 9. a3 Ba5 10. e4 Nbd7 11. e5 Nd5 12. Ne4 Bc7 13. Bh3 h6 14. Bd2 Qe7 15. Rae1 a5 16. Nh4 g5 17. Ng2 0-0-0 18. b3 cxb3 19. Qxb3 Rdg8 20. Ne3 h5 21. Nxd5 exd5 22. Bxd7+ Kxd7 23. Nf6+ Kc8 24. Nxg8 Rxg8 25. Qf3 h4 26. Rc1 Rg6 27. Rc3 Bb6 28. Qxd5 Kb8 29. Qe4 Qd7 30. Be3 c5 31. Qd3 Qh3 32. d5 c4 33. Qe4 Bc7 34. g4 Bxd5 35. Qxd5 Qxg4+ 36. Kh1 1-0

[Event "Muensterland Verbandsklasse-A 0910"]
[Site "Germany"]
[Date "2009.12.19"]
[Round "4.4"]
[White "Boelker, Franz"]
[Black "Schoepper, Oliver"]
[Result "1-0"]
[WhiteElo "1823"]
[BlackElo "1887"]
[PlyCount "89"]
[EventDate "2009.09.19"]
[EventType "team-tourn"]
[EventRounds "9"]
[EventCountry "GER"]
[SourceTitle "EXT 2011"]
[Source "ChessBase"]
[SourceDate "2010.11.26"]
[SourceVersion "1"]
[SourceVersionDate "2010.11.26"]
[SourceQuality "1"]
[WhiteTeam "Raesfeld Erle"]
[BlackTeam "Muenster SK IV"]
[WhiteTeamCountry "GER"]
[BlackTeamCountry "GER"]

1. d4 d5 2. c4 c6 3. Nc3 Nf6 4. Nf3 Nbd7 5. Bg5 e6 6. e3 Qa5 7. Bxf6 Nxf6 8. Nd2 Bb4 9. Qc2 e5 10. dxe5 Ne4 11. Rc1 Bf5 12. Bd3 Bxc3 13. bxc3 Nxd2 14. Bxf5 Nxc4 15. e6 g6 16. exf7+ Kxf7 17. Bd3 Qc5 18. 0-0 Rae8 19. Bxc4 Qxc4 20. Rb1 b5 21. Rb4 Qc5 22. Rf4+ Kg7 23. Qb2 Rhf8 24. c4+ Kg8 25. Rxf8+ Rxf8 26. cxb5 Rb8 27. a4 cxb5 28. Qe5 Rf8 29. axb5 Qxb5 30. Rd1 Rf5 31. Qe6+ Kg7 32. Qe7+ Kh6 33. Qxa7 Qe2 34. Rf1 Rg5 35. Qd4 Qh5 36. Qf4 Kg7 37. Rb1 Rf5 38. Rb7+ Kg8 39. Qd4 Rf7 40. Rb2 Rf8 41. h3 Qf5 42. Rd2 Rd8 43. e4 Qf4 44. exd5 Qd6 45. Re2 1-0

[Event "Muensterland Verbandsklasse-B 0809"]
[Site "Germany"]
[Date "2008.10.11"]
[Round "2.5"]
[White "Binger, Friedhelm"]
[Black "Schoepper, Oliver"]
[Result "1/2-1/2"]
[WhiteElo "1794"]
[BlackElo "1865"]
[PlyCount "29"]
[EventDate "2008.09.13"]
[EventType "tourn"]
[EventRounds "9"]
[EventCountry "GER"]
[SourceTitle "EXT 2010"]
[Source "ChessBase"]
[SourceDate "2010.11.25"]
[SourceVersion "1"]
[SourceVersionDate "2010.11.25"]
[SourceQuality "1"]
[WhiteTeam "Gronau"]
[BlackTeam "Muenster SK IV"]
[WhiteTeamCountry "GER"]
[BlackTeamCountry "GER"]

1. e4 Nf6 2. Nc3 d5 3. exd5 Nxd5 4. Bc4 Nb6 5. Bb3 Nc6 6. Nf3 Nd4 7. Nxd4 Qxd4 8. Qf3 Qe5+ 9. Qe4 Qxe4+ 10. Nxe4 Bf5 11. Ng5 e6 12. d4 c5 13. dxc5 Bxc5 14. 0-0 0-0 15. c3 1/2-1/2

[Event "Muensterland Verbandsklasse-B 0708"]
[Site "Germany"]
[Date "2008.04.12"]
[Round "8.6"]
[White "Wichmann, Norbert"]
[Black "Schoepper, Oliver"]
[Result "0-1"]
[WhiteElo "1781"]
[BlackElo "1824"]
[PlyCount "114"]
[EventDate "2007.09.15"]
[EventType "team-tourn"]
[EventRounds "9"]
[EventCountry "GER"]
[SourceTitle "EXT 2009"]
[Source "ChessBase"]
[SourceDate "2008.11.26"]
[SourceVersion "1"]
[SourceVersionDate "2008.11.26"]
[SourceQuality "1"]
[WhiteTeam "Muenster Indische Dame"]
[BlackTeam "Muenster SK V"]
[WhiteTeamCountry "GER"]
[BlackTeamCountry "GER"]

1. d4 d5 2. Nf3 Nf6 3. Bf4 e6 4. e3 c5 5. Be2 Bd6 6. 0-0 0-0 7. Bxd6 Qxd6 8. c4 Nc6 9. Nc3 dxc4 10. Bxc4 cxd4 11. exd4 a6 12. a4 Rd8 13. Qe2 Nxd4 14. Nxd4 Qxd4 15. Rad1 Qb6 16. Qe3 Qc7 17. Qc5 Qxc5 18. Rxd8+ Qf8 19. Rxf8+ Kxf8 20. a5 Bd7 21. Re1 Rc8 22. Be2 Rc5 23. Bf3 Bc6 24. Bxc6 bxc6 25. Ra1 Nd5 26. Nd1 Rc2 27. g3 Ke7 28. Kg2 Nb4 29. Kf3 c5 30. Ke3 Rc4 31. h3 e5 32. Rb1 Nd5+ 33. Kd3 Rd4+ 34. Ke2 Ra4 35. Nc3 Nxc3+ 36. bxc3 Rxa5 37. Rb6 Ra2+ 38. Ke3 Rc2 39. Kd3 Rxf2 40. Ke4 Re2+ 41. Kd5 Re3 42. c4 Rxg3 43. Rxa6 Rxh3 44. Ra7+ Kf6 45. Kxc5 Rd3 46. Kb5 e4 47. c5 e3 48. Ra8 Rb3+ 49. Kc4 Rb7 50. Kd5 Re7 51. Ra1 Rd7+ 52. Kc6 Rd2 53. Ra3 e2 54. Re3 h5 55. Kb5 h4 56. c6 h3 57. c7 Rc2 0-1

[Event "Muensterland Verbandsklasse-B 0708"]
[Site "Germany"]
[Date "2008.02.16"]
[Round "6.6"]
[White "Haas, Kai Markus"]
[Black "Schoepper, Oliver"]
[Result "1/2-1/2"]
[WhiteElo "1928"]
[BlackElo "1824"]
[PlyCount "77"]
[EventDate "2007.09.15"]
[EventType "team-tourn"]
[EventRounds "9"]
[EventCountry "GER"]
[SourceTitle "EXT 2009"]
[Source "ChessBase"]
[SourceDate "2008.11.26"]
[SourceVersion "1"]
[SourceVersionDate "2008.11.26"]
[SourceQuality "1"]
[WhiteTeam "Sendenhorst"]
[BlackTeam "Muenster SK V"]
[WhiteTeamCountry "GER"]
[BlackTeamCountry "GER"]

1. e4 Nf6 2. d3 e5 3. Nf3 Nc6 4. g3 d5 5. Nbd2 Bg4 6. h3 Bh5 7. Bg2 dxe4 8. dxe4 Bc5 9. 0-0 0-0 10. Re1 Qe7 11. c3 Rad8 12. Qe2 Rd7 13. Nf1 Rfd8 14. g4 Bg6 15. Ng3 Qd6 16. Nh4 Qd3 17. Bf3 Qxe2 18. Rxe2 Rd1+ 19. Kg2 a5 20. Nhf5 Ne8 21. Ne3 R1d3 22. Re1 R3d7 23. h4 f6 24. Nef5 Bf7 25. Be2 Ne7 26. b3 Nxf5 27. gxf5 c6 28. Rg1 Nd6 29. Bb2 Nb5 30. Rad1 Rxd1 31. Rxd1 Rxd1 32. Bxd1 Kf8 33. Be2 a4 34. Bxb5 cxb5 35. b4 Bb6 36. a3 g6 37. Bc1 Ke7 38. Bh6 Bb3 39. Kf1 1/2-1/2